000 00341nam a2200133Ia 4500
008 240624s9999 xx 000 0 und d
041 _aeng
082 _a658.4012 TAN
100 _aTANNER JOHN F
245 _aANALYTICS AND DYNAMIC CUSTOMER STRATEGY
260 _c2014
_aNew Delhi
_bWiley
300 _a235 : p. : cm. ; 28
365 _cRS
_b33
999 _c26325
_d26325